| 000 | 00000nam 2200000zi 4500 |
| 001 | 9.945515 |
| 003 | CaOODSP |
| 005 | 20251020100140 |
| 006 | m o d f |
| 007 | cr mn||||||||| |
| 008 | 241125t20252025oncd obs f000 0 fre d |
| 020 | |a9780660746500 |
| 040 | |aCaOODSP|bfre|erda|cCaOODSP |
| 043 | |an-cn--- |
| 086 | 1 |aCS11-0019/480F-PDF |
| 100 | 1 |aFaryaar, Hassan, |eauteur. |
| 245 | 10|aEstimation des marges bénéficiaires brutes à l'aide de données au niveau de l'entreprise : |bune analyse comparative / |cpar Hassan Faryaar. |
| 264 | 1|a[Ottawa] : |bStatistique Canada = Statistics Canada, |cle 21 janvier 2025. |
| 264 | 4|c©2025 |
| 300 | |a1 ressource en ligne (24 pages) : |bgraphiques. |
| 336 | |atexte|btxt|2rdacontent/fre |
| 337 | |ainformatique|bc|2rdamedia/fre |
| 338 | |aressource en ligne|bcr|2rdacarrier/fre |
| 490 | 1 |aDirection des études analytiques : documents de recherche, |x1205-9161 ; |vn° 480 |
| 500 | |aTitre de la couverture. |
| 500 | |aPublié aussi en anglais sous le titre : Estimating markups using firm-level data: a comparative analysis. |
| 500 | |aLa publication été remplacé le 17 mars, 2025 à la demande par l'éditeur. |
| 504 | |aComprend des références bibliographiques (pages 23-24). |
| 520 | 3 |a« Les marges bénéficiaires, c’est-à-dire le ratio du prix par rapport au coût marginal d’un produit, peuvent servir de mesure du pouvoir de marché. L’augmentation de ces marges est associée à une baisse du bien-être du consommateur, à une augmentation de l’inefficacité et à une diminution de la dynamique des entreprises dans une économie. Par conséquent, il est important de connaître la dynamique des marges bénéficiaires au fil du temps. Récemment, un éventail de méthodes de « fonction de production » a été utilisé pour estimer les marges bénéficiaires à l’aide de données comptables au niveau de l’entreprise. Cependant, deux problèmes ont été relevés quant à la documentation sur l’estimation de la marge bénéficiaire à ce niveau, à savoir l’absence d’une mesure fiable du coût variable des intrants et le biais d’échantillonnage attribuable à l’utilisation exclusive des entreprises cotées en bourse. Pour traiter ces questions, le présent document est fondé sur les données comptables au niveau de l’entreprise tirées du Fichier de microdonnées longitudinales des comptes nationaux (FMLCN), lequel est tenu à jour par Statistique Canada » -- Résumé, page 5. |
| 650 | 6|aMarge bénéficiaire|zCanada|vStatistiques. |
| 650 | 6|aIndice des prix|vStatistiques. |
| 650 | 6|aNombres-indices. |
| 655 | 7|aStatistiques|2rvmgf |
| 710 | 2 |aStatistique Canada. |bDirection des études analytiques, |eorganisme de publication. |
| 775 | 08|tEstimating markups using firm-level data : |w(CaOODSP)9.945514 |
| 830 | #0|aDocuments de recherche (Statistique Canada. Direction des études analytiques)|x1205-9161 ; |vn° 480.|w(CaOODSP)9.500842 |
| 856 | 40|qPDF|s1.13 Mo|uhttps://publications.gc.ca/collections/collection_2025/statcan/11f0019m/11f0019m2025001-fra.pdf |
| 856 | 4 |qHTML|sS.O.|uhttps://www150.statcan.gc.ca/n1/pub/11f0019m/11f0019m2025001-fra.htm |
| 986 | |a11F0019M No 480 |